<?xml version="1.0" encoding="UTF-8"?>
<collection xmlns="http://www.loc.gov/MARC21/slim">
 <record>
  <leader>01286cam a2200217 7i4500</leader>
  <controlfield tag="001">0000004328</controlfield>
  <controlfield tag="005">20061125090000.0</controlfield>
  <datafield tag="090" ind1="0" ind2="0">
   <subfield code="a">P 9 </subfield>
   <subfield code="b">M3 S4 1983</subfield>
  </datafield>
  <datafield tag="110" ind1="1" ind2="0">
   <subfield code="a">Seminar Kebangsaan Tentang Komunikasi untuk Pembangunan(:</subfield>
   <subfield code="c">1983:</subfield>
   <subfield code="c">Serdang).)</subfield>
  </datafield>
  <datafield tag="245" ind1="0" ind2="1">
   <subfield code="a">(Proceedings) Seminar Kebangsaan tentang Komunikasi untuk Pembangunan  </subfield>
   <subfield code="c">(penyunting) Mohd. Yusof Hussain ... (et al.  </subfield>
   <subfield code="c">(penyunting) Mohd. Yusof Hussain ... (et al.  </subfield>
   <subfield code="c">National Seminar on Development Support Communication  </subfield>
   <subfield code="c">(penyunting) Mohd. Yusof Hussain ... (et al.  </subfield>
   <subfield code="c">National Seminar on Development Support Communication  </subfield>
   <subfield code="c">edited by Mohd. Yusof Hussain ... (et al.).</subfield>
  </datafield>
  <datafield tag="260" ind1="0" ind2="0">
   <subfield code="a">Serdang: </subfield>
   <subfield code="b">Universiti Pertanian Malaysia, </subfield>
   <subfield code="c">1983.</subfield>
  </datafield>
  <datafield tag="300" ind1="#" ind2="#">
   <subfield code="a">384p.: </subfield>
   <subfield code="b">ill.; </subfield>
   <subfield code="c">29 cm..</subfield>
  </datafield>
  <datafield tag="650" ind1="0" ind2="0">
   <subfield code="a">Communication in rural developmen -- </subfield>
   <subfield code="x">Congresses. -- </subfield>
   <subfield code="z">Malaysi </subfield>
  </datafield>
  <datafield tag="650" ind1="0" ind2="0">
   <subfield code="a">Information service -- </subfield>
   <subfield code="x">Congresses. -- </subfield>
   <subfield code="z">Malaysi </subfield>
  </datafield>
  <datafield tag="650" ind1="0" ind2="0">
   <subfield code="a">Agricultur -- </subfield>
   <subfield code="x">Information service -- </subfield>
   <subfield code="x">Congresses -- </subfield>
   <subfield code="z">Malaysi </subfield>
  </datafield>
  <datafield tag="650" ind1="0" ind2="0">
   <subfield code="a">Communicatio -- </subfield>
   <subfield code="x">Congresses -- </subfield>
   <subfield code="z">Malaysi </subfield>
  </datafield>
  <datafield tag="700" ind1="0" ind2="1">
   <subfield code="a">Mohd. Yusof Hussain(</subfield>
   <subfield code="d">1940- .) </subfield>
  </datafield>
  <datafield tag="710" ind1="2" ind2="1">
   <subfield code="a">Universiti Pertanian Malaysia </subfield>
  </datafield>
  <datafield tag="710" ind1="2" ind2="1">
   <subfield code="a">International Development Research Centre (Canada). </subfield>
  </datafield>
  <datafield tag="740" ind1="0" ind2="1">
   <subfield code="a">National Seminar on Development Support Communicatio</subfield>
  </datafield>
  <datafield tag="999" ind1=" " ind2=" ">
   <subfield code="a">1000391783</subfield>
   <subfield code="b">Book</subfield>
   <subfield code="c">Open Shelf</subfield>
   <subfield code="e">KOLEKSI TERBUKA</subfield>
  </datafield>
 </record>
</collection>
